000 00736nam a2200241Ia 4500
001 dia_4287
003 CHAP
005 20251029163155.0
008 220117s1983 xx 000 0 und d
010 _a174936
040 _cCHAP
_amxchpua
_erda
090 _aFOLLETO 2813
100 _aSoto Rosiles, Jorge
_9108913
245 _aComo cultivar cacao en la region del Soconusco /
_c Jorge Soto Rosiles
260 _aMéxico :
_b SARH, Instituto nacional de investigaciones agrícolas,
_c1983
300 _a15 p.
500 _aD. (Folleto para productores, 2)
650 _aCacao
_916918
901 _aFOLLETO 2813
902 _aM
905 _a0000001983 mx 0000000000spa00
942 _cFOLL
_2local
999 _c174936
_d174936